000 00360 a2200169 4500
001 69309
020 _a8532250521
040 _cAnchieta - Itaigara
100 _aBraz, Júlio Emílio
240 1 0 _aJoão e Maria
_lpor
245 1 0 _aJoão e Maria
300 _a34
362 0 _a2003
440 1 _aFTD
650 4 _aLiteratura infanto-juvenil
942 _cBK
999 _c69309
_d69309